Rich and poor. .

שמור ב:
מידע ביבליוגרפי
מחבר ראשי: Goldberg, Jim, 1953-
פורמט: ספר
יצא לאור: Göttingen, Germany : Steidl, 2013.
מהדורה:New revised edition.
נושאים:
תגים: הוספת תג
אין תגיות, היה/י הראשונ/ה לתייג את הרשומה!

MARC

LEADER 00000pam a2200000 a 4500
001 1425993
003 CL-VaPUC
005 20250407202452.0
008 250318t2013 ||||| |||| 00| 0 eng d
999 |c 447436  |d 447434 
010 |a  84045764  
020 |a 978-3-86930-688-9 
040 |a DLC  |c Pontificia Universidad Católica de Valparaíso  |d DLC 
043 |a n-us-ca 
050 0 0 |a F869.S353  |b A226 1985 
082 0 0 |a 779.2 GOL 2013  |2 22 
100 1 |a Goldberg, Jim,  |d 1953-  |9 897063 
245 1 0 |a Rich and poor.   |b . 
250 |a New revised edition. 
260 |a Göttingen, Germany :  |b Steidl,   |c 2013. 
300 |a 200 páginas :  |b retratos. 
500 |a c.1. Instituto Arcos 8-1-2025. 
583 |c 20250318  |k GC 
651 0 |a San Francisco ( California)  |x Retratos   |9 897064 
942 |2 ddc  |c BK  |n 0 
952 |0 0  |1 0  |2 ddc  |4 0  |6 779_200000000000000_GOL_2013  |7 0  |8 A  |9 601465  |a BIBINC  |b BIBINC  |d 2025-03-18  |e Instituto Arcos   |i 5666376  |o 779.2 GOL 2013  |p 5666376  |r 2025-03-18  |t 1  |w 2025-03-18  |y BK  |k IFP